| 000 | 00940nam a22002177a 4500 | ||
|---|---|---|---|
| 999 |
_c13366 _d13366 |
||
| 003 | AR-CdUCM | ||
| 008 | 190415b ||||| |||| 00| 0 spa d | ||
| 040 |
_aMUNICIPALIDAD PROVINCIAL DEL CUSCO _cBIBLIOTECA MUNICIPAL DEL CUSCO |
||
| 082 |
_a344.2 / _bF71 |
||
| 100 |
_aFoix, Pedro _931750 |
||
| 245 | _aProblemas sociales de derecho penal / | ||
| 260 |
_aMéxico D. F. : _bEdiciones de la Sociedad Mexicana de Eugenesia, _c1942. |
||
| 300 |
_a272 páginas ; _c19 cm. |
||
| 505 | _aContenido: Debe ser transformado el sistema correccional -- El delincuente víctima de la justicia -- El estudio de la delincuencia en la edad escolar -- Algunas medidas profilácticas contra la delincuencia -- El código penal factor del delito ... | ||
| 650 |
_aDerecho penal _95831 |
||
| 650 |
_aSociedad _953 |
||
| 650 |
_aSudamérica _94944 |
||
| 700 |
_aSolis Quiroga, Roberto (prólogo) _931751 |
||
| 942 |
_2ddc _cLIBROS |
||
| 945 |
_aachl _d2019-04-15 |
||